| 000 | 00516nam a2200169 i 4500 | ||
|---|---|---|---|
| 001 | 55506 | ||
| 003 | ES-MaACL | ||
| 005 | 20230906163148.0 | ||
| 007 | t| | ||
| 008 | 030922s1910 it ||||1| ita d | ||
| 100 | 1 |
_aDe Sanctis, Francesco. _943078 |
|
| 245 | 1 | 3 |
_aLa giovinezza / _cdi Francesco de Sanctis ; frammento autobiográfico pubblicato da Pasquale Villari. |
| 260 |
_aNapoli : _bA. Morano, _c1910. |
||
| 300 |
_aXIX, 386 p. ; _c19 cm. |
||
| 700 | 1 |
_aVillari, Pasquale. _9115122 |
|
| 852 |
_aES-MaACL _jC-3867 |
||
| 999 |
_c55506 _d55506 |
||